000
00391nam a2200133Ia 4500
008
100328s9999 xx 000 0 und d
082
_b
70655
100
_a
कुलकर्णी वृंदा.
245
_a
11 बालनाटिका.
260
_b
नीहारा.
630
_a
11 बालनाटिका.
730
_a
11 बालनाटिका.
942
_c
BOOK
999
_c
556380
_d
556377